000 01030cam a2200265 4500
008 030917n2003 000 0 eng u
020 _a086017588X
035 _a(Sirsi) u123649
041 _aeng
050 _a333.73
_c18
100 _aBarr, D.
245 _aNon-biological methods for assessment and remediation of contaminated land
_bcase studies
260 _aLondon
_bCIRA
_c2003
300 _a222p.
_c30cm.
350 _a100
490 _aCIRIA Report
_vC588
520 _aThis report includes a series of case studies showing that non-biological remediation technologies can cost-effectively treat a range of contaminants under redevelopment, transaction or proactive risk management scenarios. The case studies selected are representative of many of the technologies in commercial use in the UK. References.
650 _aCONTAMINATED LAND
650 _aREMEDIATION
650 _aCONTAMINANTS
690 _aENVIRONMENT-CONTAMINATION
700 _aBardos, R.P.
700 _aNathanail, C.P.
942 _n0
999 _c103078
_d103078